| 000 | 01422cam a22003734a 4500 | ||
|---|---|---|---|
| 001 | 13801474 | ||
| 003 | OSt | ||
| 005 | 20170518100739.0 | ||
| 008 | 041129s2005 ncu b 001 0 eng | ||
| 010 | _a 2004028147 | ||
| 020 | _a1594600147 (pbk.) | ||
| 020 | _a9781594600142 (pbk.) | ||
| 035 | _a(OCoLC)ocm57208177 | ||
| 035 |
_a(OCoLC)57208177 _z(OCoLC)79370562 |
||
| 040 |
_aMMU _cMMU _dMMU _beng |
||
| 042 | _apcc | ||
| 043 | _an-us--- | ||
| 050 | 0 | 0 |
_aKF1290.S66 _bR57 2005 |
| 082 | 0 | 0 |
_a344.73/099 _222 |
| 245 | 0 | 0 |
_aRisk management in sport : _bissues and strategies / _cedited by Herb Appenzeller. |
| 250 | _a2nd ed. | ||
| 260 |
_aDurham, N.C. : _bCarolina Academic Press, _cc2005. |
||
| 300 |
_axx, 531 p. ; _c26 cm. |
||
| 504 | _aIncludes bibliographical references and index. | ||
| 650 | 0 |
_aLiability for sports accidents _zUnited States. |
|
| 650 | 0 |
_aSchool sports _xLaw and legislation _zUnited States. |
|
| 650 | 0 |
_aCollege sports _xLaw and legislation _zUnited States. |
|
| 650 | 0 |
_aSports _xRisk management _zUnited States. |
|
| 700 | 1 | _aAppenzeller, Herb. | |
| 856 | 4 | 1 |
_3Table of contents _uhttp://www.loc.gov/catdir/toc/ecip054/2004028147.html |
| 906 |
_a7 _bcbc _corignew _d1 _eecip _f20 _gy-gencatlg |
||
| 942 |
_2lcc _cLOAN LOAN |
||
| 999 |
_c18128 _d18128 |
||